Regional satellite oceanography / (Record no. 544733)
[ view plain ]
| 000 -LEADER | |
|---|---|
| fixed length control field | 01474mam a2200193 a 4500 |
| 082 04 - DEWEY DECIMAL CLASSIFICATION NUMBER | |
| Classification number | 551.46 |
| Author Mark | VIC |
| 100 1# - MAIN ENTRY--PERSONAL NAME | |
| Personal name | Victorov, S. V. |
| 9 (RLIN) | 40442 |
| 245 10 - TITLE STATEMENT | |
| Title | Regional satellite oceanography / |
| Statement of responsibility, etc. | S.V. Victorov. |
| 260 ## - PUBLICATION, DISTRIBUTION, ETC. | |
| Place of publication, distribution, etc. | London ; |
| -- | Bristol, PA : |
| Name of publisher, distributor, etc. | Taylor & Francis, |
| Date of publication, distribution, etc. | c1996. |
| 300 ## - PHYSICAL DESCRIPTION | |
| Extent | xiv, 306 p. |
| Other physical details | ill. (some col.), charts, maps ; |
| Dimensions | 26 cm. |
| 520 ## - SUMMARY, ETC. | |
| Summary, etc. | This book is not about the World Ocean. It is about our local sea, our local bay, our local estuary, and our local coastline, an environment we know and love, wherever we may live. This book is the first ever book on a new subdiscipline of remote sensing: regional satellite oceanography. Written by a Russian author, who is the leading international authority, this book is clear, simple, concise, and challenging. |
| 520 8# - SUMMARY, ETC. | |
| Summary, etc. | Tapping into a resurgent interest in the regional perspective, the author addresses a number of difficult and oft-posed questions: What can the satellite actually 'see' when it is passing overhead? Is there a difference between the satellite-derived temperature of the sea and the temperature measured from a boat? How should the satellites be used to detect coastal zone pollution? Is the water clear enough - and clean enough - at our local beach? |
| 526 ## - STUDY PROGRAM INFORMATION NOTE | |
| Program name | 0 |
| Interest level | 0 |
| Reading level | 0 |
| Title point value | 551_460000000000000_VIC |
| 650 #0 - SUBJECT ADDED ENTRY--TOPICAL TERM | |
| Topical term or geographic name entry element | Astronautics in oceanography. |
| 9 (RLIN) | 40443 |
| 650 #0 - SUBJECT ADDED ENTRY--TOPICAL TERM | |
| Topical term or geographic name entry element | Coastal surveillance. |
| 9 (RLIN) | 40444 |
| 650 #0 - SUBJECT ADDED ENTRY--TOPICAL TERM | |
| Topical term or geographic name entry element | MCE |
| 9 (RLIN) | 379 |
| 650 #0 - SUBJECT ADDED ENTRY--TOPICAL TERM | |
| Topical term or geographic name entry element | Oceanography |
| General subdivision | Remote sensing. |
| 9 (RLIN) | 40445 |
| 942 ## - ADDED ENTRY ELEMENTS (KOHA) | |
| Source of classification or shelving scheme | |
| Koha item type | Book |
| Withdrawn status | Lost status | Source of classification or shelving scheme | Damaged status | Not for loan | Permanent Location | Current Location | Date acquired | Total Checkouts | Full call number | Barcode | Date last seen | Price effective from | Koha item type |
|---|---|---|---|---|---|---|---|---|---|---|---|---|---|
| Military College of Engineering (MCE) | Military College of Engineering (MCE) | 05/09/2014 | 551.46 VIC | MCE-43612 | 05/09/2014 | 05/09/2014 | Book |
